00526nam a2200157Ia 4500003000900000008004100009040001600050080001500066100001900081245011200100260005900212300001600271650004100287650002000328650002000348IN-BaIIA211028s9999 xx 000 0 eng d cIIA Library a52-77bKEL aKellermann, K. 0aSerendipitous discoveries in radio astronomycK. Kellermann  aGreen BankbNational Radio Astronomy Observatoryc1983 aviii, 321p. aAstronomy and Astrophysics Thesaurus aRadar Astronomy aRadio Astronomy